00682nam a2200193Ia 4500008004100000020001800041082001400059100002100073245008200094250000800176260007000184300002300254500001900277600002000296650001500316942000700331952013300338999001700471240925s9999 xx 000 0 und d a9781259026850 a659.1 BEL aBelch, George E. 0aAdvertising and Promotion: an integrated marketing communications perspective a9th aNew Delhi:bMcGraw Hill Education (India) Private Limitedc,2013. a460p.b0fOriginal aIncludes Index aSocial Sciences aManagement cBK 001040708MANaUITUbUITUd2019-01-20eAllied Book Companyg2077.92l0o659.1 BELpQ13959r2024-09-25 07:17:04w2024-09-25yBK c16458d16458